Statistics for Countries by highest Orders

Click here to take the quiz!

General Stats

  • This quiz has been taken 31 times
  • The average score is 8 of 11

Answer Stats

OrderCountry% Correct
Croix De GuerreFrance
100%
Order of rising sunJapan
97%
Order of LeninRussia
97%
Victoria crossUnited Kingdom
97%
Order of socialist labourChina
83%
Congressional medal of HonorUnited States of America
83%
National Order of the Southern CrossBrazil
79%
Medal for valourCanada
72%
Nishan - e - HaiderPakistan
38%
Ancient Order of SikatunaPhilippines
38%
Order of the RedeemerGreece
31%

Score Distribution

Percentile by Number Answered

Percent of People with Each Score

Your Score History

You have not taken this quiz